Data Structures & Algorithms in Java/ (Record no. 648)
[ view plain ]
| 000 -LEADER | |
|---|---|
| fixed length control field | 00638nam a22002057a 4500 |
| 005 - DATE AND TIME OF LATEST TRANSACTION | |
| control field | 20241105152637.0 |
| 008 - FIXED-LENGTH DATA ELEMENTS--GENERAL INFORMATION | |
| fixed length control field | 241105b |||||||| |||| 00| 0 eng d |
| 020 ## - INTERNATIONAL STANDARD BOOK NUMBER | |
| International Standard Book Number | 9781118808573 |
| 050 ## - LIBRARY OF CONGRESS CALL NUMBER | |
| Classification number | QA76.73 |
| Item number | .I38G66 |
| 100 ## - MAIN ENTRY--PERSONAL NAME | |
| Personal name | Goodrich, Michael T |
| 245 ## - TITLE STATEMENT | |
| Title | Data Structures & Algorithms in Java/ |
| Statement of responsibility, etc. | Michael T Goodrich, Roberto Tamassia & Micheal H. Goldwasser |
| 250 ## - EDITION STATEMENT | |
| Edition statement | 6th Ed. |
| 260 ## - PUBLICATION, DISTRIBUTION, ETC. | |
| Place of publication, distribution, etc. | Hoboken; |
| Name of publisher, distributor, etc. | John Wiley & Sons |
| Date of publication, distribution, etc. | 2015 |
| 300 ## - PHYSICAL DESCRIPTION | |
| Extent | xviii: 699p.; |
| Other physical details | col. ill.; |
| Dimensions | 23.5 cm |
| 500 ## - GENERAL NOTE | |
| General note | Includes Index |
| 650 ## - SUBJECT ADDED ENTRY--TOPICAL TERM | |
| Source of heading or term | Java |
| 700 ## - ADDED ENTRY--PERSONAL NAME | |
| Personal name | Tamassia, Roberto |
| 700 ## - ADDED ENTRY--PERSONAL NAME | |
| Personal name | Goldwasser, Micheal H. |
| 942 ## - ADDED ENTRY ELEMENTS (KOHA) | |
| Source of classification or shelving scheme | Library of Congress Classification |
| Koha item type | Books |
| Edition | 6th Ed. |
| Suppress in OPAC | No |
| 999 ## - | |
| -- | 648 |
| -- | 648 |
| Withdrawn status | Lost status | Source of classification or shelving scheme | Damaged status | Not for loan | Collection | Home library | Current library | Shelving location | Date acquired | Total checkouts | Full call number | Barcode | Date last seen | Copy number | Price effective from | Koha item type |
|---|---|---|---|---|---|---|---|---|---|---|---|---|---|---|---|---|
| Library of Congress Classification | Non-fiction | Science Library (Miotso) | Science Library (Miotso) | General stacks | 10/26/2024 | QA76.73 .I38G66 GOO | SLM00000288 | 11/05/2024 | 1 | 10/26/2024 | Books | |||||
| Library of Congress Classification | Non-fiction | Science Library (Miotso) | Science Library (Miotso) | General stacks | 11/06/2024 | QA76.73 .I38G66 GOO | SLM00000309 | 11/06/2024 | 2 | 11/06/2024 | Books | |||||
| Library of Congress Classification | Non-fiction | Science Library (Miotso) | Science Library (Miotso) | General stacks | 11/06/2024 | QA76.73 .I38G66 GOO | SLM00000310 | 11/06/2024 | 3 | 11/06/2024 | Books | |||||
| Library of Congress Classification | Non-fiction | Science Library (Miotso) | Science Library (Miotso) | General stacks | 11/06/2024 | QA76.73 .I38G66 GOO | SLM00000311 | 11/06/2024 | 4 | 11/06/2024 | Books | |||||
| Library of Congress Classification | Non-fiction | Science Library (Miotso) | Science Library (Miotso) | General stacks | 11/06/2024 | QA76.73 .I38G66 GOO | SLM00000312 | 11/06/2024 | 5 | 11/06/2024 | Books | |||||
| Library of Congress Classification | Non-fiction | Science Library (Miotso) | Science Library (Miotso) | General stacks | 11/06/2024 | QA76.73 .I38G66 GOO | SLM00000313 | 11/06/2024 | 6 | 11/06/2024 | Books | |||||
| Library of Congress Classification | Non-fiction | Science Library (Miotso) | Science Library (Miotso) | General stacks | 11/06/2024 | QA76.73 .I38G66 GOO | SLM00000314 | 11/06/2024 | 7 | 11/06/2024 | Books | |||||
| Library of Congress Classification | Non-fiction | Science Library (Miotso) | Science Library (Miotso) | General stacks | 11/06/2024 | QA76.73 .I38G66 GOO | SLM00000315 | 11/06/2024 | 8 | 11/06/2024 | Books | |||||
| Library of Congress Classification | Non-fiction | Science Library (Miotso) | Science Library (Miotso) | General stacks | 11/06/2024 | QA76.73 .I38G66 GOO | SLM00000316 | 11/06/2024 | 9 | 11/06/2024 | Books |